Propuesta para una radio alteña : su programación /

Furkejuvvon:
Bibliográfalaš dieđut
Váldodahkki: Serrano Zermeño, Oscar Gustavo (autor)
Materiálatiipa: Oahppočájánas Girji
Giella:espánnjágiella
Fáttát:
Fáddágilkorat: Lasit fáddágilkoriid
Eai fáddágilkorat, Lasit vuosttaš fáddágilkora!

MARC

LEADER 00000nam^a2200000^a^4500
001 000051058
005 20250521000000.0
009 20260310090304.701
037 |a Acervo ITESO - Biblioteca 
041 |a ESP 
090 |a CCO. 231 
100 |a Serrano Zermeño, Oscar Gustavo  |e (autor) 
245 1 0 |a Propuesta para una radio alteña :  |b su programación /  |c O.G. Serrano Zermeño. 
264 |a Guadalajara, México :  |b edición de autor,  |c 1996 
300 |a 165 p. 
336 |a texto  |b txt  |2 rdacontenido 
337 |a sin mediación  |b n  |2 rdamedio 
338 |a volumen  |b nc  |2 rdasoporte 
502 |a ITESO Tesis de Licenciatura en Ciencias de la Comunicación 
649 |a XX 
650 |a Programación de Radio -  |z Altos de Jalisco -  |x Tema Principal 
650 |a Programación de Radio -  |z México 
650 |a Radio -  |z Altos de Jalisco 
650 |a Radio -  |z México 
650 |a Medios Audiovisuales -  |z Altos de Jalisco 
650 |a Medios Audiovisuales -  |z México 
650 |a Medios de Comunicación -  |z Altos de Jalisco 
650 |a Medios de Comunicación -  |z México 
650 |a Comunicación Masiva -  |z Altos de Jalisco 
650 |a Comunicación Masiva -  |z México 
650 |a Comunicación -  |x Prácticas Profesionales 
910 |a Fondo General 
920 |a Impresos - Tesis del ITESO 
930 |a Colección General 
905 |a 104 
901 |a 0500007871  |b IT2  |c TSS  |u 20250521 
902 |a https://opac.biblio.iteso.mx/vufind/Record/000051058